Detalles MARC
| 000 -LEADER |
| fixed length control field |
01079nam a22002417a 4500 |
| 003 - CONTROL NUMBER IDENTIFIER |
| control field |
OSt |
| 005 - DATE AND TIME OF LATEST TRANSACTION |
| control field |
20230719133607.0 |
| 008 - FIXED-LENGTH DATA ELEMENTS--GENERAL INFORMATION |
| fixed length control field |
201126b2016 dr ac 00| 0 spa d |
| 040 ## - CATALOGING SOURCE |
| Original cataloging agency |
DO-SdBNP |
| Language of cataloging |
spa |
| Transcribing agency |
BPMSU |
| 082 ## - DEWEY DECIMAL CLASSIFICATION NUMBER |
| Classification number |
337.142 |
| Item number |
S471i 2015 |
| Edition number |
22 |
| 111 2# - MAIN ENTRY--MEETING NAME |
| Meeting name or jurisdiction name as entry element |
Seminario Internacional "Los Signos de los Nuevos Tiempos y los Procesos de Integración en Centroamérica y el Caribe" |
| Number of part/section/meeting |
(1o. : |
| Date of meeting |
del 19 al 21 de octubre de 2015 |
| Location of meeting |
Santo Domingo) |
| 245 10 - TITLE STATEMENT |
| Title |
Memorias / |
| Statement of responsibility, etc. |
presentación Miguel Mejía. |
| 260 ## - PUBLICATION, DISTRIBUTION, ETC. (IMPRINT) |
| Place of publication, distribution, etc. |
Santo Domingo : |
| Name of publisher, distributor, etc. |
Ministerio para Políticas de Integración Regional, |
| Date of publication, distribution, etc. |
2016. |
| 300 ## - PHYSICAL DESCRIPTION |
| Extent |
214 p. : |
| Other physical details |
il., retrs. ; |
| Dimensions |
23 cm. |
| 490 0# - SERIES STATEMENT |
| Series statement |
Educar para integrar, |
| Volume/sequential designation |
4 |
| 590 ## - LOCAL NOTE (RLIN) |
| Local note |
Inventariado, 2023/VM<br/><br/> |
| 650 #4 - SUBJECT ADDED ENTRY--TOPICAL TERM |
| Topical term or geographic name as entry element |
Integración regional |
| Geographic subdivision |
América Latina. |
| Form subdivision |
Ensayos, conferencias, etc. |
| Chronological subdivision |
|
| 650 #4 - SUBJECT ADDED ENTRY--TOPICAL TERM |
| Topical term or geographic name as entry element |
Integración económica |
| Geographic subdivision |
América Latina. |
| Form subdivision |
Ensayos, conferencias, etc. |
| 650 #4 - SUBJECT ADDED ENTRY--TOPICAL TERM |
| Topical term or geographic name as entry element |
Integración económica |
| Geographic subdivision |
Caribe (Región, República Dominicana) |
| 700 1# - ADDED ENTRY--PERSONAL NAME |
| Personal name |
Mejía, Miguel, |
| Relator term |
presentación |
| 910 ## - USER-OPTION DATA (OCLC) |
| User-option data |
VMateo V. Control de calidad. BPMSU |
| 942 ## - ADDED ENTRY ELEMENTS (KOHA) |
| Source of classification or shelving scheme |
Dewey Decimal Classification |
| Koha item type |
Libros |